The study on digestibility of local cattle feed rice straw treated urea include burned ash, ការសិក្សាលើលទ្ធភាពរំលាយអាហាររបស់គោក្នុងស្រុកដោយប្រើប្រាស់ចំបើងផ្អាប់ជាមួយអ៊ុយរ៉េ និងផេះ (Record no. 2282)

000 -LEADER
fixed length control field 00708nam a22001337a 4500
040 ## - CATALOGING SOURCE
Transcribing agency RUA
082 ## - DEWEY DECIMAL CLASSIFICATION NUMBER
Classification number AVM KAN 2009 B086 Or.1
100 ## - MAIN ENTRY--AUTHOR NAME
Personal name KANG, SUNGCHHANG.
245 ## - TITLE STATEMENT
Title The study on digestibility of local cattle feed rice straw treated urea include burned ash, ការសិក្សាលើលទ្ធភាពរំលាយអាហាររបស់គោក្នុងស្រុកដោយប្រើប្រាស់ចំបើងផ្អាប់ជាមួយអ៊ុយរ៉េ និងផេះ
260 ## - PUBLICATION, DISTRIBUTION, ETC. (IMPRINT)
Place of publication Phnom Penh
Name of publisher RUA
Year of publication 2009
300 ## - PHYSICAL DESCRIPTION
Number of Pages x; 48p.
Other physical details ill.
Dimensions 29cm.
856 ## - ELECTRONIC LOCATION AND ACCESS
Uniform Resource Identifier https://drive.google.com/file/d/1R2KgdC4mTG4-YwQelgvrCP2Gh-ie9jwW/view?usp=sharing
942 ## - ADDED ENTRY ELEMENTS (KOHA)
Koha item type AVM
952 ## - LOCATION AND ITEM INFORMATION (KOHA)
Withdrawn status [LOCAL, KOHA] 0
952 ## - LOCATION AND ITEM INFORMATION (KOHA)
Withdrawn status [LOCAL, KOHA] 0
952 ## - LOCATION AND ITEM INFORMATION (KOHA)
Withdrawn status [LOCAL, KOHA] 0
952 ## - LOCATION AND ITEM INFORMATION (KOHA)
Withdrawn status [LOCAL, KOHA] 0
952 ## - LOCATION AND ITEM INFORMATION (KOHA)
Withdrawn status [LOCAL, KOHA] 0
952 ## - LOCATION AND ITEM INFORMATION (KOHA)
Withdrawn status [LOCAL, KOHA] 0
952 ## - LOCATION AND ITEM INFORMATION (KOHA)
Withdrawn status [LOCAL, KOHA] 0
952 ## - LOCATION AND ITEM INFORMATION (KOHA)
Withdrawn status [LOCAL, KOHA] 0
952 ## - LOCATION AND ITEM INFORMATION (KOHA)
Withdrawn status [LOCAL, KOHA] 0
Holdings
Permanent Location Date acquired Koha item type Lost status Shelving location Barcode Current Location Full call number
Library Block B2015-10-09AVM B086RUA009886Library Block BAVM KAN 2009 B086 Or.1
Library Block B2015-10-09AVM B086RUA007788Library Block BAVM KAN 2009 B086 Or.1
Library Block B2015-10-09AVM B086RUA015153Library Block BAVM KAN 2009 B086 Or.3
Library Block B2015-10-09AVM B086RUA015016Library Block BAVM KAN 2009 B086 Or.4
Library Block B2015-10-09AVM B086RUA015155Library Block BAVM KAN 2009 B086 Or.5
Library Block B2015-10-09AVM B086RUA006450Library Block BAVM KAN 2009 B086 Or.6
Library Block B2015-10-09AVM B086RUA015277Library Block BAVM KAN 2009 B086 Or.7
Library Block B2015-10-09AVM B086RUA026038Library Block BAVM KAN 2009 B086 Or.8
Library Block B2019-05-28AVM B1.234A35785Library Block BAVM KAN 2009 B1.234 Or.1
មជ្ឈមណ្ឌលឯការនៃសាកលវិទ្យាល័យភូមិន្ទកសិកម្មចំការដូង

Powered by Koha